|
|
|
|
| LEADER |
00000nab a2200000 ar4500 |
| 001 |
vtls011632362 |
| 003 |
SK-MaSNL |
| 005 |
20260305040310.0 |
| 008 |
170523c 2016xo mr|p|||||||000 b|slo |
| 038 |
|
|
|a SNSK
|
| 040 |
|
|
|b slo
|c SNSK
|e AACR2
|
| 041 |
|
|
|a slo
|
| 044 |
|
|
|a xo
|c SK
|
| 080 |
|
|
|a 685.659.32
|2 2011
|
| 080 |
|
|
|a 796.9
|2 2011
|
| 100 |
1 |
|
|a Buza, Michal,
|d 1950
|4 aut
|9 1088071
|
| 245 |
1 |
0 |
|a Lyžovačka na Spiši: Okolo Poráča
|c Michal Buza
|
| 300 |
|
|
|b Fotogr.
|
| 650 |
0 |
7 |
|a lyžiarske svahy
|2 snsk
|9 55250
|
| 651 |
|
7 |
|a Brodok (Poráč, Slovensko)
|2 snsk
|9 1619825
|
| 651 |
|
7 |
|a Poráčska dolina (Slovensko)
|2 snsk
|9 114557
|
| 651 |
|
7 |
|a Poráč (Slovensko)
|2 snsk
|9 58946
|
| 651 |
|
7 |
|a Spišská Nová Ves (Slovensko : okres)
|2 snsk
|9 22259
|
| 773 |
0 |
|
|t Spišský patriot : noviny pre novovešťanov telom aj dušou
|g / február 2016, s. 3
|x 1338-8764
|
| 852 |
|
|
|a SNSK
|b KIS3GCP
|
| 856 |
4 |
1 |
|u http://www.spisskypatriot.sk/wp-content/uploads/2016/07/SP-februar-2016.pdf
|
| 999 |
|
|
|c 3337724
|d 3339654
|